Matrix analysis and applied linear algebra (Solution Manual) (Record no. 13074)

000 -LEADER
fixed length control field 00350nam a22001457a 4500
020 ## - INTERNATIONAL STANDARD BOOK NUMBER
International Standard Book Number 0898714540
082 ## - DEWEY DECIMAL CLASSIFICATION NUMBER
Classification number 512.5 MEY
100 ## - MAIN ENTRY--PERSONAL NAME
Personal name Meyer, Carl D.
245 ## - TITLE STATEMENT
Title Matrix analysis and applied linear algebra (Solution Manual)
260 ## - PUBLICATION, DISTRIBUTION, ETC.
Place of publication, distribution, etc. USA
Name of publisher, distributor, etc. Siam
Date of publication, distribution, etc. 2000
300 ## - PHYSICAL DESCRIPTION
Extent 171 p.
500 ## - GENERAL NOTE
General note Includes index
650 ## - SUBJECT ADDED ENTRY--TOPICAL TERM
Topical term or geographic name entry element Linear Algebra
942 ## - ADDED ENTRY ELEMENTS (KOHA)
Koha item type Book
Holdings
Withdrawn status Lost status Damaged status Not for loan Collection code Permanent Location Current Location Shelving location Date acquired Source of acquisition Total Checkouts Full call number Barcode Date last seen Date last checked out Price effective from Koha item type
          Central Library (CL) Central Library (CL) General Stacks 09/09/2013 Donation 1 512.5 MEY SEECSD00951 02/19/2024 01/23/2019 01/05/2017 Book
© 2023 Central Library, National University of Sciences and Technology. All Rights Reserved.